Bérszámfejtés kiszervezése

Bibliográfiai részletek
Szerző: Ladó Anita
További közreműködők: Szabó Szabolcs
Kovács Barbara
Dokumentumtípus: Projektmunka
Kulcsszavak:Outsourcing
Kiszervezés
Bérszámfejtés
Online Access:http://dolgozattar.uni-bge.hu/22028

MARC

LEADER 00000nnm a2200000 i 4500
001 dolg22028
005 20190515143951.0
008 190515suuuu hu o 000 hun d
040 |a BGE Dolgozattár Repozitórium  |b hun 
041 |a hu 
100 1 |a Ladó Anita 
245 1 0 |a Bérszámfejtés kiszervezése  |c Ladó Anita  |h [elektronikus dokumentum] 
516 |a Project_work 
695 |a Outsourcing 
695 |a Kiszervezés 
695 |a Bérszámfejtés 
700 1 |a Szabó Szabolcs  |e ths 
700 1 |a Kovács Barbara  |e ths 
856 4 0 |u http://dolgozattar.uni-bge.hu/22028/1/Lad%C3%B3%20Anita%20FOSZK%20Levelez%C5%91%20Z%C3%A1r%C3%B3dolgozat%20hmykcl.pdf  |z Dokumentum-elérés 
856 4 0 |u http://dolgozattar.uni-bge.hu/22028/2/titkositasi%20kerelem.pdf  |z Dokumentum-elérés